[Event "IECC TH-M-3760"]
[Site "IECC email"]
[Date "2022.08.17"]
[Round "?"]
[White "Burns, Paul"]
[Black "Nilsson, Bjoern"]
[Result "0-1"]
[WhiteElo "898"]
[BlackElo "946"]
[PlyCount "34"]
[EventDate "2022.??.??"]
[EventType "tourn (corr)"]
[SourceTitle "Corr 2024"]
[Source "ChessBase"]
[SourceDate "2023.10.19"]
[SourceVersion "1"]
[SourceVersionDate "2023.10.19"]
[SourceQuality "1"]
[WhiteTeam "Neuseeland"]
[BlackTeam "Schweden"]
[WhiteTeamCountry "NZL"]
[BlackTeamCountry "SWE"]

1. e4 e5 2. Nf3 Nc6 3. Bc4 Bc5 4. c3 d6 5. Qb3 Qd7 6. Ng5 h6 7. Bxf7+ Kf8 8. Bxg8 hxg5 9. Bd5 Ne7 10. Bc4 Qg4 11. 0-0 Qxe4 12. g3 Qf3 13. d4 exd4 14. Qd1 Qf5 15. Bd3 Qh3 16. Qf3+ Ke8 17. Bxg5 Qxh2# 0-1

[Event "IECC TH-M-3750"]
[Site "IECC email"]
[Date "2022.07.26"]
[Round "?"]
[White "Nilsson, Bjoern"]
[Black "Hughes, Peter James"]
[Result "0-1"]
[WhiteElo "945"]
[BlackElo "1026"]
[PlyCount "38"]
[EventDate "2022.??.??"]
[EventType "tourn (corr)"]
[SourceTitle "Corr 2024"]
[Source "ChessBase"]
[SourceDate "2023.10.19"]
[SourceVersion "1"]
[SourceVersionDate "2023.10.19"]
[SourceQuality "1"]
[WhiteTeam "Schweden"]
[BlackTeam "Australien"]
[WhiteTeamCountry "SWE"]
[BlackTeamCountry "AUS"]

1. d4 d5 2. c4 e5 3. Nc3 exd4 4. Qxd4 Nf6 5. h3 Be6 6. b3 Bb4 7. Bd2 0-0 8. Nd1 Nc6 9. Qb2 d4 10. a3 Bxd2+ 11. Qxd2 Ne4 12. Qc2 f5 13. g3 Qf6 14. g4 Nc3 15. Nxc3 dxc3 16. Bg2 fxg4 17. hxg4 Qxf2+ 18. Kd1 Rad8+ 19. Bd5 Qf1# 0-1

[Event "TH-S-1452"]
[Site "IECC email"]
[Date "2022.07.22"]
[Round "?"]
[White "Nilsson, Bjoern"]
[Black "Engel, David"]
[Result "0-1"]
[WhiteElo "960"]
[BlackElo "982"]
[PlyCount "40"]
[EventDate "2022.??.??"]
[EventType "tourn (corr)"]
[SourceTitle "Corr 2024"]
[Source "ChessBase"]
[SourceDate "2023.10.19"]
[SourceVersion "1"]
[SourceVersionDate "2023.10.19"]
[SourceQuality "1"]
[WhiteTeam "Schweden"]
[BlackTeam "Vereinigte Staaten"]
[WhiteTeamCountry "SWE"]
[BlackTeamCountry "USA"]

1. d4 d5 2. c4 e5 3. Qd3 Bb4+ 4. Bd2 Nc6 5. a3 Ba5 6. b4 Bb6 7. b5 Nxd4 8. e3 e4 9. Qc3 c5 10. bxc6 bxc6 11. exd4 Nf6 12. Bf4 Bc7 13. Bg5 h6 14. Bxf6 Qxf6 15. Nd2 c5 16. cxd5 0-0 17. Ne2 Re8 18. 0-0-0 Rb8 19. Qxc5 Qb6 20. Qc4 Qb2# 0-1

[Event "IECC O-5010"]
[Site "IECC email"]
[Date "2021.11.13"]
[Round "?"]
[White "Nilsson, Bjoern"]
[Black "Burns, Paul"]
[Result "0-1"]
[WhiteElo "824"]
[BlackElo "923"]
[PlyCount "72"]
[EventDate "2021.??.??"]
[EventType "swiss (corr)"]
[EventRounds "2"]
[SourceTitle "Corr 2024"]
[Source "ChessBase"]
[SourceDate "2023.10.19"]
[SourceVersion "1"]
[SourceVersionDate "2023.10.19"]
[SourceQuality "1"]
[WhiteTeam "Schweden"]
[BlackTeam "Neuseeland"]
[WhiteTeamCountry "SWE"]
[BlackTeamCountry "NZL"]

1. d4 d5 2. Be3 Be6 3. Nc3 Nc6 4. Qd2 Qd7 5. Nb5 a6 6. Nc3 Nf6 7. Nf3 Ne4 8. Nxe4 dxe4 9. Ng1 h6 10. b3 g5 11. 0-0-0 0-0-0 12. g3 a5 13. a3 b6 14. c4 Bg7 15. d5 Bf5 16. h3 Ne5 17. Bg2 e6 18. g4 Bg6 19. Qb2 f6 20. d6 cxd6 21. Bxb6 Rde8 22. Bxa5 Nc6 23. Bc3 Ne5 24. Bxe5 fxe5 25. c5 Bf8 26. b4 Qb5 27. cxd6 Qd7 28. e3 Kb8 29. Kb1 Qa4 30. Rc1 Rc8 31. Ka2 Rxc1 32. Qxc1 Bxd6 33. Ne2 Rc8 34. Qb1 Rc2+ 35. Ka1 Qxa3+ 36. Qa2 Qxa2# 0-1

[Event "OP-2021-0-05198"]
[Site "LSS email"]
[Date "2021.10.12"]
[Round "?"]
[White "Ederer, Karel"]
[Black "Nilsson, Bjoern"]
[Result "1-0"]
[WhiteElo "1928"]
[BlackElo "359"]
[PlyCount "31"]
[EventDate "2021.10.09"]
[EventType "tourn (corr)"]
[EventRounds "4"]
[EventCountry "GER"]
[SourceTitle "Corr 2024"]
[Source "ChessBase"]
[SourceDate "2023.10.19"]
[SourceVersion "1"]
[SourceVersionDate "2023.10.19"]
[SourceQuality "1"]

1. e4 d5 2. exd5 Qxd5 3. Nc3 Qd7 4. d4 Nf6 5. Nf3 c6 6. Ne5 Qe6 7. Bc4 Qd6 8. Nxf7 Qd7 9. Nxh8 a6 10. 0-0 b5 11. Bf7+ Kd8 12. d5 cxd5 13. Bxd5 Ra7 14. Nf7+ Ke8 15. Ne5 Qc7 16. Bf7# 1-0

[Event "IECC TH-M-3631"]
[Site "IECC email"]
[Date "2021.06.23"]
[Round "?"]
[White "Engel, David"]
[Black "Nilsson, Bjoern"]
[Result "1-0"]
[WhiteElo "1030"]
[BlackElo "867"]
[PlyCount "45"]
[EventDate "2021.??.??"]
[EventType "tourn (corr)"]
[SourceTitle "Corr 2024"]
[Source "ChessBase"]
[SourceDate "2023.10.19"]
[SourceVersion "1"]
[SourceVersionDate "2023.10.19"]
[SourceQuality "1"]
[WhiteTeam "Vereinigte Staaten"]
[BlackTeam "Schweden"]
[WhiteTeamCountry "USA"]
[BlackTeamCountry "SWE"]

1. d4 d5 2. c4 e5 3. e3 e4 4. Qa4+ c6 5. cxd5 Qxd5 6. Bc4 Qg5 7. Kf1 Nd7 8. Qb3 Qg6 9. Nc3 Ne7 10. Nh3 Nf5 11. Nxe4 Nxd4 12. Qd3 c5 13. b4 f6 14. exd4 cxd4 15. Qxd4 b6 16. Bd2 a6 17. Be6 f5 18. Qd5 Rb8 19. Nd6+ Ke7 20. Nxc8+ Kf6 21. Bg5+ Qxg5 22. Nxg5 Kxg5 23. Qxf5+ 1-0

[Event "TH-S-1344"]
[Site "IECC email"]
[Date "2021.05.07"]
[Round "?"]
[White "Hughes, Peter James"]
[Black "Nilsson, Bjoern"]
[Result "1-0"]
[WhiteElo "1067"]
[BlackElo "877"]
[PlyCount "51"]
[EventDate "2021.??.??"]
[EventType "tourn (corr)"]
[SourceTitle "Corr 2024"]
[Source "ChessBase"]
[SourceDate "2023.10.19"]
[SourceVersion "1"]
[SourceVersionDate "2023.10.19"]
[SourceQuality "1"]
[WhiteTeam "Australien"]
[BlackTeam "Schweden"]
[WhiteTeamCountry "AUS"]
[BlackTeamCountry "SWE"]

1. e4 e5 2. Nf3 Nc6 3. d4 exd4 4. c3 dxc3 5. Bc4 d6 6. 0-0 Qe7 7. Nxc3 Bd7 8. Bg5 f6 9. Bh4 0-0-0 10. Nd5 Qe8 11. h3 Qxe4 12. b3 g5 13. Bg3 Qg6 14. a3 Na5 15. Rc1 c6 16. Bd3 f5 17. b4 Kb8 18. bxa5 cxd5 19. Qb3 Bc6 20. Rxc6 Ne7 21. Bb5 Qf6 22. Rb1 Nxc6 23. Bxc6 b6 24. axb6 Qf7 25. bxa7+ Kxa7 26. Qa4# 1-0

[Event "IECC TH-M-3533"]
[Site "IECC email"]
[Date "2020.08.08"]
[Round "?"]
[White "Nilsson, Bjoern"]
[Black "Phillips, Dave"]
[Result "0-1"]
[WhiteElo "765"]
[BlackElo "1106"]
[PlyCount "70"]
[EventDate "2020.??.??"]
[EventType "tourn (corr)"]
[SourceTitle "Corr 2024"]
[Source "ChessBase"]
[SourceDate "2023.10.19"]
[SourceVersion "1"]
[SourceVersionDate "2023.10.19"]
[SourceQuality "1"]
[WhiteTeam "Schweden"]
[BlackTeam "England"]
[WhiteTeamCountry "SWE"]
[BlackTeamCountry "ENG"]

1. e4 e5 2. Nf3 d6 3. d4 Bg4 4. h3 Bh5 5. g4 Bg6 6. Bg5 Be7 7. h4 f6 8. Be3 Nd7 9. Nbd2 Nf8 10. Nc4 Bxe4 11. Qe2 Ne6 12. 0-0-0 Bd5 13. b3 Qd7 14. Rg1 0-0-0 15. Ncd2 a6 16. c4 Bxf3 17. Nxf3 e4 18. Nd2 d5 19. f3 Ba3+ 20. Kb1 Ne7 21. Bh3 Nc6 22. g5 Qd6 23. c5 Qe7 24. f4 Nb4 25. Bxe6+ Qxe6 26. h5 Nd3 27. g6 b6 28. Nf1 bxc5 29. dxc5 d4 30. Bd2 Nxc5 31. Ba5 Nxb3 32. axb3 Qxb3+ 33. Ka1 Rhe8 34. Qxa6+ Qb7 35. Qc4 Qb2# 0-1

[Event "IECC TH-M-3533"]
[Site "IECC email"]
[Date "2020.08.08"]
[Round "?"]
[White "Phillips, Dave"]
[Black "Nilsson, Bjoern"]
[Result "1-0"]
[WhiteElo "1129"]
[BlackElo "786"]
[PlyCount "33"]
[EventDate "2020.??.??"]
[EventType "tourn (corr)"]
[SourceTitle "Corr 2024"]
[Source "ChessBase"]
[SourceDate "2023.10.19"]
[SourceVersion "1"]
[SourceVersionDate "2023.10.19"]
[SourceQuality "1"]
[WhiteTeam "England"]
[BlackTeam "Schweden"]
[WhiteTeamCountry "ENG"]
[BlackTeamCountry "SWE"]

1. e4 e5 2. Nf3 d6 3. Bc4 Nf6 4. d3 Qe7 5. 0-0 g6 6. Nc3 c6 7. a3 b5 8. Bb3 a5 9. Bd2 Na6 10. Ne2 Bb7 11. c3 0-0-0 12. c4 a4 13. cxb5 cxb5 14. Rc1+ Kd7 15. Bxa4 bxa4 16. Qxa4+ Ke6 17. Ng5# 1-0

[Event "IECC TH-M-3525"]
[Site "IECC email"]
[Date "2020.07.05"]
[Round "?"]
[White "Burns, Paul"]
[Black "Nilsson, Bjoern"]
[Result "0-1"]
[WhiteElo "946"]
[BlackElo "799"]
[PlyCount "82"]
[EventDate "2020.??.??"]
[EventType "tourn (corr)"]
[SourceTitle "Corr 2024"]
[Source "ChessBase"]
[SourceDate "2023.10.19"]
[SourceVersion "1"]
[SourceVersionDate "2023.10.19"]
[SourceQuality "1"]
[WhiteTeam "Neuseeland"]
[BlackTeam "Schweden"]
[WhiteTeamCountry "NZL"]
[BlackTeamCountry "SWE"]

1. e4 e6 2. d4 d5 3. e5 Nc6 4. Nf3 Nce7 5. c3 b6 6. b4 a6 7. a3 Bb7 8. Bg5 Qd7 9. Bxe7 Qxe7 10. g3 0-0-0 11. Qd2 c6 12. Qf4 f6 13. Bh3 g5 14. Qe3 Nh6 15. g4 Bg7 16. Nbd2 Rhf8 17. 0-0-0 Nf7 18. Nb3 Kc7 19. Ne1 h6 20. a4 b5 21. Nc5 Bc8 22. a5 Nh8 23. Nc2 Ng6 24. Nd3 Bb7 25. Nc5 Bc8 26. Bg2 f5 27. h3 Nh4 28. Rh2 f4 29. Qd3 f3 30. Bh1 Qf7 31. Bxf3 Nxf3 32. Rhh1 Nh4 33. Nxa6+ Bxa6 34. Rh2 Qf4+ 35. Ne3 Qxh2 36. Qe2 Rxf2 37. Qd3 Qxh3 38. Qg6 Nxg6 39. Nc2 Qxc3 40. Kb1 Qxc2+ 41. Ka1 Qa2# 0-1

[Event "OP-2020-0-04988"]
[Site "LSS email"]
[Date "2020.06.24"]
[Round "?"]
[White "Nilsson, Bjoern"]
[Black "Molina, Vicente Andres"]
[Result "0-1"]
[WhiteElo "351"]
[BlackElo "627"]
[PlyCount "52"]
[EventDate "2020.06.18"]
[EventType "tourn (corr)"]
[EventRounds "4"]
[EventCountry "GER"]
[SourceTitle "Corr 2022"]
[Source "ChessBase"]
[SourceDate "2021.10.24"]
[SourceVersion "1"]
[SourceVersionDate "2021.10.24"]
[SourceQuality "1"]

1. d4 d5 2. Nf3 c5 3. Nc3 Nc6 4. dxc5 Nf6 5. e3 e5 6. Bd3 e4 7. Nd2 exd3 8. cxd3 Bxc5 9. 0-0 Bg4 10. f3 Bxe3+ 11. Kh1 Bf5 12. h3 d4 13. Re1 0-0 14. Ne2 Ne5 15. Nf1 Bf2 16. Nf4 Bxe1 17. Qxe1 Re8 18. g4 Bd7 19. b3 Nxf3 20. Qd1 Bc6 21. Bb2 Re1 22. Qc2 Rxa1 23. Bxa1 Ne1+ 24. Qg2 Nxg2 25. Nxg2 Qd5 26. Kg1 Qxg2# 0-1

[Event "OP-2020-0-04988"]
[Site "LSS email"]
[Date "2020.06.24"]
[Round "?"]
[White "Nowak, Andrzej"]
[Black "Nilsson, Bjoern"]
[Result "1-0"]
[WhiteElo "1490"]
[BlackElo "351"]
[PlyCount "35"]
[EventDate "2020.06.18"]
[EventType "tourn (corr)"]
[EventRounds "4"]
[EventCountry "GER"]
[SourceTitle "Corr 2022"]
[Source "ChessBase"]
[SourceDate "2021.10.24"]
[SourceVersion "1"]
[SourceVersionDate "2021.10.24"]
[SourceQuality "1"]

1. e4 d5 2. exd5 Qxd5 3. Nc3 Qd7 4. Nf3 Nf6 5. d4 e6 6. Ne5 Qe7 7. Be2 Nfd7 8. f4 Nxe5 9. fxe5 g6 10. 0-0 Nc6 11. Ne4 Bg7 12. a4 0-0 13. Bg5 Qe8 14. Qd2 a6 15. Nf6+ Bxf6 16. Bxf6 Ne7 17. Qh6 Nc6 18. Qg7# 1-0

[Event "LSS No Engine Cup 201 Preliminary 0"]
[Site "LSS email"]
[Date "2020.03.17"]
[Round "?"]
[White "Kuttner, Jaromir"]
[Black "Nilsson, Bjoern"]
[Result "0-1"]
[WhiteElo "1073"]
[BlackElo "1364"]
[PlyCount "20"]
[EventDate "2020.03.17"]
[EventType "tourn (corr)"]
[EventRounds "6"]
[EventCountry "GER"]
[SourceTitle "Corr 2022"]
[Source "ChessBase"]
[SourceDate "2021.10.24"]
[SourceVersion "1"]
[SourceVersionDate "2021.10.24"]
[SourceQuality "1"]

1. e4 e5 2. Nf3 Qe7 3. Nc3 Nc6 4. Nd5 Qd6 5. d4 Nce7 6. dxe5 Nxd5 7. exd6 Bxd6 8. exd5 Nf6 9. Be2 0-0 10. 0-0 Bc5 0-1

[Event "IECC CL7-2019.04 email"]
[Site "IECC email"]
[Date "2020.02.17"]
[Round "?"]
[White "Rosenkoetter, David"]
[Black "Nilsson, Bjoern"]
[Result "1-0"]
[WhiteElo "1020"]
[BlackElo "729"]
[PlyCount "69"]
[EventDate "2020.??.??"]
[EventType "tourn (corr)"]
[EventRounds "4"]
[SourceTitle "Corr 2024"]
[Source "ChessBase"]
[SourceDate "2023.10.19"]
[SourceVersion "1"]
[SourceVersionDate "2023.10.19"]
[SourceQuality "1"]
[WhiteTeam "Vereinigte Staaten"]
[BlackTeam "Schweden"]
[WhiteTeamCountry "USA"]
[BlackTeamCountry "SWE"]

1. e4 e5 2. Nf3 Qe7 3. Bc4 h6 4. c3 d6 5. d3 c6 6. Be3 c5 7. Bb5+ Bd7 8. Bxd7+ Qxd7 9. 0-0 Nc6 10. Na3 a6 11. Nc2 b5 12. Qd2 Nf6 13. a3 Qb7 14. h3 g5 15. b4 a5 16. Rfb1 Rg8 17. bxa5 Nxa5 18. c4 Rb8 19. Qxa5 Nh7 20. Rxb5 Qc8 21. Rab1 Ra8 22. Qxa8 Qxa8 23. Rb8+ Qxb8 24. Rxb8+ Ke7 25. a4 Nf6 26. h4 g4 27. a5 Nd7 28. Rb7 Ke6 29. a6 Bg7 30. Nd2 h5 31. Na3 Rc8 32. Nb5 Nf8 33. Nc7+ Kd7 34. Nd5+ Ke6 35. Re7# 1-0

[Event "IECC TH-M-3471"]
[Site "IECC email"]
[Date "2020.02.17"]
[Round "?"]
[White "Rosenkoetter, David"]
[Black "Nilsson, Bjoern"]
[Result "1-0"]
[WhiteElo "1049"]
[BlackElo "673"]
[PlyCount "21"]
[EventDate "2020.??.??"]
[EventType "tourn (corr)"]
[SourceTitle "Corr 2024"]
[Source "ChessBase"]
[SourceDate "2023.10.19"]
[SourceVersion "1"]
[SourceVersionDate "2023.10.19"]
[SourceQuality "1"]
[WhiteTeam "Vereinigte Staaten"]
[BlackTeam "Schweden"]
[WhiteTeamCountry "USA"]
[BlackTeamCountry "SWE"]

1. d4 d5 2. c4 c6 3. Qc2 Be6 4. e3 Nf6 5. Nd2 a6 6. b3 b6 7. Bd3 Nbd7 8. Ngf3 g6 9. Ng5 h6 10. Nxe6 fxe6 11. Bxg6# 1-0

[Event "IECC CL7-2019.04 email"]
[Site "IECC email"]
[Date "2020.01.01"]
[Round "?"]
[White "Nilsson, Bjoern"]
[Black "Caudill, Tommy A"]
[Result "0-1"]
[WhiteElo "682"]
[BlackElo "1137"]
[PlyCount "34"]
[EventDate "2020.??.??"]
[EventType "tourn (corr)"]
[EventRounds "4"]
[SourceTitle "Corr 2024"]
[Source "ChessBase"]
[SourceDate "2023.10.19"]
[SourceVersion "1"]
[SourceVersionDate "2023.10.19"]
[SourceQuality "1"]
[WhiteTeam "Schweden"]
[BlackTeam "Vereinigte Staaten"]
[WhiteTeamCountry "SWE"]
[BlackTeamCountry "USA"]

1. Nh3 e5 2. Nc3 d5 3. d4 Nc6 4. e3 Bb4 5. Bd2 Bxh3 6. gxh3 exd4 7. exd4 Nxd4 8. Be3 Nf5 9. Bd2 Nge7 10. a3 Bxc3 11. Bxc3 d4 12. Bd2 Qd5 13. Rg1 0-0-0 14. Bg2 Qb5 15. b3 Rhe8 16. Qc1 Nc6+ 17. Kd1 Qe2# 0-1

[Event "IECC CL7-2019.03 email"]
[Site "IECC email"]
[Date "2019.10.31"]
[Round "?"]
[White "Mitchell, T T"]
[Black "Nilsson, Bjoern"]
[Result "0-1"]
[WhiteElo "1055"]
[BlackElo "671"]
[PlyCount "22"]
[EventDate "2019.??.??"]
[EventType "tourn (corr)"]
[EventRounds "4"]
[SourceTitle "Corr 2024"]
[Source "ChessBase"]
[SourceDate "2023.10.19"]
[SourceVersion "1"]
[SourceVersionDate "2023.10.19"]
[SourceQuality "1"]
[WhiteTeam "Vereinigte Staaten"]
[BlackTeam "Schweden"]
[WhiteTeamCountry "USA"]
[BlackTeamCountry "SWE"]

1. e4 Nc6 2. Bc4 Ne5 3. Bb3 e6 4. d4 Ng6 5. Be3 b6 6. Ne2 Qe7 7. 0-0 d6 8. Ba4+ Bd7 9. Bxd7+ Qxd7 10. c4 c6 11. a3 0-0-0 0-1